Normal view
MARC view
- Palmos, Rejie Farparan,
Entry Personal Name
001 - CONTROL NUMBER
- control field: 4523
003 - CONTROL NUMBER IDENTIFIER
- control field: URS
005 - DATE AND TIME OF LATEST TRANSACTION
- control field: 20230419112319.0
008 - FIXED-LENGTH DATA ELEMENTS
- fixed length control field: 230419|| aca||aabn | a|a d
040 ## - CATALOGING SOURCE
- Original cataloging agency: URS
100 ## - HEADING--PERSONAL NAME
- Personal name: Palmos, Rejie Farparan,
- Relator term: author.